000 00383nam a2200133Ia 4500
008 220217s9999 xx 000 0 und d
100 _aSherin George
245 0 _aYield maximization in Maize through agronomic manipulations
260 _bTamil Nadu Agricultural University
_a Madurai
_c1998
300 _a157
500 _aCourse: Ph. D
700 _aDr P Subramanian
942 _cTS
999 _c74611
_d74611